Statistiken für Top 10 Meistbesuchte US-Staaten

Klicken Sie hier um das Quiz zu spielen!

Allgemein

  • Dieses Quiz wurde 2,461 mal gespielt
  • Das Durchschnittsergebnis liegt bei 7 aus 10

Antwortstatistiken

Besucher Staat % Korrekt
9,98 Mio.New York
98%
8,50 Mio.Florida
94%
7,16 Mio.Kalifornien
94%
1,55 Mio.Texas
91%
3,06 Mio.Nevada
71%
964 Tsd.New Jersey
53%
3,06 Mio.Hawaii
52%
1,38 Mio.Illinois
46%
1,54 Mio.Massachusetts
40%
964 Tsd.Pennsylvania
37%

Verteilung der Resultate

Perzentil nach korrekt beantworteten Fragen

Anzahl Personen mit jedem Resultat

Ihre Resultats-Entwicklung

Sie haben dieses Quiz noch nicht gespielt